000
00289nam a22001337a 4500
020
_a
0-439-71168-1
082
_a
823
_b
CRI/W
100
_a
CRISP, MARTY
245
_a
A DOG ON THE TITANIC
260
_a
NEW YORK
_b
SCHOLASTIC
300
_a
150
650
_a
NOVEL
_z
UNITED STATES
942
_c
BK
999
_c
2916
_d
2916